Vol. 71, № 14; OiL and Gas journal

书目详细资料
Parent link:OiL and Gas journal: журнал. Vol. 71, № 14.— , 1955-1963, 1968-1974, 1993-2003.— 0030-1388
语言:俄语
出版: 1973
格式: 图书
KOHA link:https://koha.lib.tpu.ru/cgi-bin/koha/opac-detail.pl?biblionumber=555197

MARC

LEADER 00000nam2a2200000 4500
001 555197
005 20231101121640.0
035 |a (RuTPU)RU\TPU\prd\249294 
035 |a RU\TPU\prd\249293 
090 |a 555197 
100 |a 20160111a19739999k y0engy50 ba 
101 1 |a rus  |c eng 
102 |a US 
200 0 |a Vol. 71, № 14 
210 |d 1973 
461 1 |0 (RuTPU)RU\TPU\prd\47  |x 0030-1388  |t OiL and Gas journal  |o журнал  |v Vol. 71, № 14  |d 1955-1963, 1968-1974, 1993-2003 
801 0 |a RU  |b 63413507  |c 20010227  |g PSBO 
801 1 |a RU  |b 63413507  |c 20020228  |g PSBO 
801 2 |a RU  |b 63413507  |c 20160111  |g PSBO 
942 |c BK 
999 |a НТБ_ТПУ  |b НФ  |e -19/20150916  |p П-3802  |u 0,00  |v 1